| 000 | 00855nas a2200277 4500 | ||
|---|---|---|---|
| 001 | BR6600284 | ||
| 003 | BR-BrBNA | ||
| 005 | 20240408161707.0 | ||
| 007 | ta | ||
| 008 | 230509b bl.|||p| |||| 00| 00por d | ||
| 040 |
_aBR-BrBNA _bpor _cBiblioteca Nacional de Agricultura |
||
| 041 | _a(Pt) | ||
| 072 | _aF21 | ||
| 100 | 1 | _aDobereiner, J. | |
| 100 | 1 | _aArruda, N.B. de | |
| 100 | 1 | _aPenteado, A. de F. | |
| 245 | 1 | _aEspecificidade hospedeira, em variedades de soja, na simbiose com Rhizobium [Glycine max] | |
| 650 | _aSOJA | ||
| 650 | _aRHIZOBIUM | ||
| 650 | _aNODULO | ||
| 650 | _aFIXACAO DE NITROGENIO | ||
| 650 | _aSIMBIOSE | ||
| 773 | 0 |
_tPesquisa Agropecuaria Brasileira (Brazil) _xISSN 0100-204X _g(1966), v. 1 p. 207-210 _wBR6600284 |
|
| 856 | _uhttps://seer.sct.embrapa.br/index.php/pab/article/view/18016/12081 | ||
| 942 |
_2AGRIS _n0 _cANA |
||
| 999 |
_c90141 _d90141 |
||